00280 a2200073 4500020001800000100001700018245012100035260005000156 a9788196788735 aPurandare B. aशिवतेजाची शलाका: हिंदवी स्वराज्याचे पडसाद  bBharatiya Vichar Sadhana Pune Prakashanc2023